FORTRAN 77 : a structured disciplined style / (Record no. 9650)
[ view plain ]
| 000 -LEADER | |
|---|---|
| fixed length control field | 00514cam a2200193ua 4500 |
| 020 ## - INTERNATIONAL STANDARD BOOK NUMBER | |
| ISBN | 0 0 7 100194 8 |
| 041 ## - LANGUAGE CODE | |
| Language code of text/sound track or separate title | eng |
| 082 ## - DEWEY DECIMAL CLASSIFICATION NUMBER | |
| Classification number | 005.133 |
| Item number | HOF/FO |
| 100 ## - MAIN ENTRY--AUTHOR NAME | |
| Personal name | Hoffmann, Thomas R . |
| 245 ## - TITLE STATEMENT | |
| Title | FORTRAN 77 : a structured disciplined style / |
| 250 ## - EDITION STATEMENT | |
| Edition statement | 3 / |
| 260 ## - PUBLICATION, DISTRIBUTION, ETC. (IMPRINT) | |
| Place of publication | New York : |
| Name of publisher | McGraw Hill Book Company , |
| Year of publication | 1988. |
| 300 ## - PHYSICAL DESCRIPTION | |
| Number of Pages | 434 ; . |
| 700 1# - ADDED ENTRY--PERSONAL NAME | |
| Personal name | Davis , Gordon . |
| 942 ## - ADDED ENTRY ELEMENTS (KOHA) | |
| Koha item type | Books |
| Withdrawn status | Lost status | Damaged status | Home library | Current library | Date acquired | Full call number | Accession Number | Koha item type | Shelving location |
|---|---|---|---|---|---|---|---|---|---|
| KAUAET | KAUAET | 07/04/2012 | 005.133 | 18397 | Books | ||||
| KAUAET | KAUAET | 07/04/2012 | 005.133 | 16859 | Books | ||||
| KAUAET | KAUAET | 23/07/2018 | 005.133 HOF/FO | 18347 | Book Bank scheme for SC students | Scheme | |||
| KAUAET | KAUAET | 23/07/2018 | 005.133 HOF/FO | 18345 | Book Bank scheme for SC students | Scheme | |||
| KAUAET | KAUAET | 23/07/2018 | 005.133 HOF/FO | 18346 | Book Bank scheme for SC students | Scheme |
